=LDR 00000nam 2200000 4500 =001 INLIS000000000052813 =005 20180306100838 =035 ##$$a 0010-0318000040 =007 ta =008 180306###########################0###### =020 ##$$a 978-979-756-286-1 =082 ##$$a 530 =084 ##$$a 530 MOH f =100 #$$a Mohamad Ishaq =245 1#$$a Fisika Dasar /$c Mohamad Ishaq =250 ##$$a cet.2 =260 ##$$a Yogyakarta :$b Graha Ilmu,$c 2007 =300 ##$$a 324 hlm. : $b ilus. ; $c 23 cm =500 ##$$a Biografi : hlm. 327 =650 ##$$a Fisika =504 ##$$a Bibliografi : hlm. 325 =990 ##$$a 52485248 =990 ##$$a 52485248 =990 ##$$a 52485248 =990 ##$$a 52485248 =990 ##$$a 52485248 =990 ##$$a 21708931 =990 ##$$a 01201805248 =990 ##$$a 01201805249 =990 ##$$a 01201805250 =990 ##$$a 01201805251 =990 ##$$a 21708932 =990 ##$$a 01201805248 =990 ##$$a 01201805249 =990 ##$$a 01201805250 =990 ##$$a 21708931 =990 ##$$a 21708933 =990 ##$$a 01201805248 =990 ##$$a 01201805249 =990 ##$$a 21708932 =990 ##$$a 21708931 =990 ##$$a 21708934 =990 ##$$a 01201805248 =990 ##$$a 21708933 =990 ##$$a 21708932 =990 ##$$a 21708931 =990 ##$$a 21708935 =990 ##$$a 21708934 =990 ##$$a 21708933 =990 ##$$a 21708932 =990 ##$$a 21708931